| 000 | 01116cam a22002175a 4500 | ||
|---|---|---|---|
| 001 | E145001 | ||
| 008 | 080829s2007 xxko f 000 0 eng d | ||
| 035 | _a(Sirsi) u145001 | ||
| 041 | 0 | _aeng | |
| 050 | 0 | 4 | _a630.09411 $2 18 |
| 110 | 2 |
_aTenant Farming Forum _94640 |
|
| 245 | 0 | 0 |
_aTFF guide to good relations _bbetween landlord and tenant _h[electronic resource] |
| 260 |
_aEdinburgh _bTenant Farming Forum _c2007 |
||
| 505 | 2 | _aIntroduction -- Letting -- Setting rents -- Improvements -- Repairs -- Diversification -- Sportings -- Resumptions -- Assignations -- Succession -- Waygoing | |
| 520 | _aGuidance which seeks to promote a good working relationship between landlords and tenants of agricultural holdings in Scotland. Emphasises the need for good communication, mutual respect and putting agreements down in writing. | ||
| 521 | _aIntroductory | ||
| 651 | 4 |
_aScotland _y1999- |
|
| 690 | _aENVIRONMENTAL AND LAND CONSULTANCY-AGRIBUSINESS-AGRICULTURE | ||
| 856 | 4 | 8 |
_uhttps://www.tenantfarmingforum.org.uk/tff/pubs.aspx _zView the guidance free of charge at www.tenantfarmingforum.org.uk... |
| 942 | _n0 | ||
| 999 |
_c108666 _d108666 |
||